TOP 10 busiest airports in Europe - Statistics

General Stats
  • This quiz has been taken 112 times
  • The average score is 10 of 11
Answer Stats
Number Country % Correct
3 France
100%
8 Russia
100%
5 Spain
100%
6 Germany
97%
7 Italy
97%
1 UK
97%
9 Portugal
89%
10 Austria
77%
4 The Netherlands
74%
2 Turkey
74%
0 Ireland
71%
No matching quizzes found
Score Distribution
Percent of People with Each Score
Percentile by Number Answered
Your Score History
You have not taken this quiz